000 01183nam a22003137a 4500
005 20240530110411.0
008 150216s2012 ua cfboa b 000 0 ara d
017 _a11491/2011
_bمصر . دار الكتب المصرية
020 _a9771443860
040 _aEG-CaGPL
041 0 _aara
082 0 4 _221
_a962.1
_bط/ج س
100 0 _aجيهان ممدوح مأمون
245 1 2 _aالفسطاط /
_cتقديم احمد عبدالرازق احمد ؛ تاليف جيهان ممدوح مأمون
250 _aط1
260 _aالقاهرة :
_bنهضة مصر للنشر ،
_c2012
300 _a72 ص :
_bايض ؛
_c32 سم
490 0 _aسلسلة مدن مصرية
650 0 4 _aالمدن المصرية
651 0 4 _aالقاهرة
_xتاريخ
651 0 4 _aالقاهرة
_xالاحوال الاقتصادية
651 0 4 _aمصر
_xتاريخ
_yالعصر الايوبى
651 0 4 _aالقاهرة
_xقلاع
651 0 4 _aالقاهرة
_xالمبانى التاريخية
651 0 4 _aالقاهرة
_xالمساجد
700 0 _aاحمد عبدالرازق احمد
_eمقدم
942 _2ddc
_cBK
999 _c60462
_d60462